000
00280nam a2200121Ia 4500
008
240624s9999 xx 000 0 und d
041
_a
eng
082
_a
823 MAN
100
_a
MANWANI AKSHAY
245
_a
PEOPLES POET
260
_c
2013
_a
New Delhi
_b
Harper Collins
365
_c
RS
999
_c
24434
_d
24434